000 00866nac a22002777a 4500
001 BR4200051
003 BR-BrBNA
005 20240105112823.0
008 230509b bl.|||m| |||| 00| 0 por d
040 _aBR-BrBNA
_bpor
_cBiblioteca Nacional de Agricultura
072 _aF00
090 _a3300 BR4200051
100 1 _aFigueiredo, E.R. de
245 1 _aFloricultura brasileira. Plantas em vasos nas janelas, nos balcoes, nas salas e nas estufas
_bPrimeira parte
250 1 _a2. ed.
260 3 _aSao Paulo, SP (Brasil):
_bChacaras e Quintaes,
_c1942.
300 _a36 p.
490 _aBiblioteca Agricola Popular Brasileira (Brazil)
_v
_x
500 _a23 illus.
650 _aProducao vegetal
650 _aPlanta ornamental
650 _aEstufa
650 _aJardinagem
909 _a202312
_bLúcia Elande
_c55
_dLúcia Elande
942 _2AGRIS
_n0
_cMS
999 _c260453
_d260453